| 000 | 01221nam a22002657a 4500 | ||
|---|---|---|---|
| 005 | 20170124102939.0 | ||
| 010 | _aA-758551 | ||
| 020 |
_c60.00 _a8170162963 |
||
| 035 | _aA-758551 | ||
| 037 | _bCen Lib/Ret | ||
| 040 |
_aDPL _bHN |
||
| 082 |
_a827 _bमुखोपा |
||
| 100 |
_aमुखोपाध्याय, शुभ्रा _947612 |
||
| 245 |
_aजाना-अंजना चीन / _cशुभ्रा मुखोपाध्याय; अनुवादक अमर गोस्वामी |
||
| 246 |
_aJana-anjana chin / _bby Shubhra Mukhopadhyay; anuwadak Amar Goswami |
||
| 260 |
_aनई दिल्ली _bकिताब घर _c1996 |
||
| 270 |
_bनई दिल्ली _a24, अंसारी रोड, दरियागंज _e110002 |
||
| 300 |
_a108पृ. _c16सेमी(सजिल्द) |
||
| 650 |
_aहिन्दी साहित्य _947613 |
||
| 650 |
_aहिन्दी साहित्य -- कहानियाँ _947614 |
||
| 650 |
_aHindi literature _947615 |
||
| 650 |
_aHindi literature -- stories _947616 |
||
| 700 |
_aगोस्वामी, अमर _947617 |
||
| 942 |
_2ddc _cHN _h827 _mमुखोपा |
||
| 999 |
_c112452 _d112452 |
||